| 000 | 00405nam a2200169Ia 4500 | ||
|---|---|---|---|
| 001 | 20362 | ||
| 003 | IN-NITTTR | ||
| 005 | 20251114233233.0 | ||
| 008 | 251113s9999||||xx |||||||||||||| ||eng|| | ||
| 040 | _beng | ||
| 040 | _cIN-NITTTR | ||
| 041 | _aeng | ||
| 082 | _a370 H193 | ||
| 100 | _aEntwistle, Noel | ||
| 245 | 0 |
_aHandbook of educational ideas and practices. / _cEntwistle, Noel |
|
| 942 |
_2ddc _cBK |
||
| 999 |
_c22996 _d22996 |
||